Field Guide to Infrared Systems, Detectors, and FPAs (Record no. 22211)
[ view plain ]
| 000 -LEADER | |
|---|---|
| fixed length control field | 00548nam a2200181Ia 4500 |
| 003 - CONTROL NUMBER IDENTIFIER | |
| control field | IN-BaIIA |
| 008 - FIXED-LENGTH DATA ELEMENTS--GENERAL INFORMATION | |
| fixed length control field | 211028s9999 xx s 000 0 eng d |
| 020 ## - INTERNATIONAL STANDARD BOOK NUMBER | |
| International Standard Book Number | 9781510618640 (Print) |
| 020 ## - INTERNATIONAL STANDARD BOOK NUMBER | |
| International Standard Book Number | 9781510618657 (Online) |
| 040 ## - CATALOGING SOURCE | |
| Transcribing agency | IIA Library |
| 100 ## - MAIN ENTRY--PERSONAL NAME | |
| Personal name | Daniels, Arnold |
| 9 (RLIN) | 33096 |
| 245 #0 - TITLE STATEMENT | |
| Title | Field Guide to Infrared Systems, Detectors, and FPAs |
| Medium | [eBook] |
| 250 ## - EDITION STATEMENT | |
| Edition statement | 3rd ed. |
| 260 ## - PUBLICATION, DISTRIBUTION, ETC. | |
| Place of publication, distribution, etc. | Washington, USA |
| Name of publisher, distributor, etc. | SPIE |
| Date of publication, distribution, etc. | 2018 |
| 300 ## - PHYSICAL DESCRIPTION | |
| Extent | Online resource |
| 856 ## - ELECTRONIC LOCATION AND ACCESS | |
| Uniform Resource Identifier | <a href="https://doi.org/10.1117/3.2315935">https://doi.org/10.1117/3.2315935</a> |
| Link text | Click Here to Access eBook |
| 942 ## - ADDED ENTRY ELEMENTS (KOHA) | |
| Koha item type | eBooks |
| Withdrawn status | Lost status | Damaged status | Not for loan | Home library | Current library | Date acquired | Source of acquisition | Total Checkouts | Barcode | Date last seen | Uniform Resource Identifier | Price effective from | Koha item type |
|---|---|---|---|---|---|---|---|---|---|---|---|---|---|
| IIA Library-Bangalore | IIA Library-Bangalore | 01/07/2011 | SPIE | EB1671 | 05/11/2021 | https://doi.org/10.1117/3.2315935 | 05/11/2021 | eBooks |